[Event "Mechanics' Fall TNM; G/2 d5"]
[Site "San Francisco"]
[Date "2017.12.19"]
[Round "9.25"]
[White "Sherwood, Peter"]
[Black "Marquez, Martin"]
[Result "0-1"]
[WhiteElo "1678"]
[BlackElo "1510"]
[Annotator "Sherwood"]
[PlyCount "72"]
[EventDate "2017.??.??"]

1. e4 d5 2. exd5 Qxd5 3. Nc3 Qa5 4. d4 Nf6 5. Nf3 Bg4 6. h3 Bf5 7. Bd2 e6 8.
Ne5 c6 9. Bd3 Qb6 10. Bxf5 exf5 11. Qe2 Be7 12. Qd3 O-O 13. O-O (13. O-O-O)
13... g6 14. Na4 $6 Qa6 15. Qxa6 (15. Qb3 $5) 15... Nxa6 16. a3 $6 Rfd8 17. Be3
Nd5 (17... f4 $1 18. Bxf4 $4 Rxd4 $19) 18. Bd2 (18. Nc3) 18... Ndc7 19. Be3 (
19. Bc3 b5 20. Nxc6 Rd7 21. Nxe7+ Rxe7 $16) 19... Ne6 20. Rad1 (20. c3) 20...
Rac8 21. Nc3 (21. f4) 21... f4 22. d5 fxe3 23. dxe6 exf2+ 24. Rxf2 $2 (24. Kxf2
) 24... Rxd1+ 25. Nxd1 Bc5 26. exf7+ Kg7 27. Kf1 Bxf2 28. Nxf2 h5 29. Ne4 Rd8
30. Ng5 Nc5 31. b4 Rd5 32. Nxg6 $2 (32. Nef3) 32... Rf5+ 33. Ke2 Kxg6 34. h4
Nd7 35. Ke3 Ne5 36. Ke4 Nxf7 0-1

[Event "Mechanics' Winter TNM; G/2"]
[Site "San Francisco"]
[Date "2017.01.10"]
[Round "2.31"]
[White "Sherwood, Peter"]
[Black "McCarty-Snead, Callaghan"]
[Result "0-1"]
[WhiteElo "1703"]
[BlackElo "1721"]
[Annotator "Donaldson"]
[PlyCount "80"]
[EventDate "2017.??.??"]

1. d4 d5 2. c4 c6 3. Nf3 Bf5 $2 {One of the major ideas of the Slav Defense,
as opposed to the Queen's Gambit Declined (...e6) or the Semi-Slav (...c6 and .
..e6), is the Black queen bishop doesn't get locked in. However there is no
free lunch in chess. The price the second player has to pay for avoiding a
potential bad bishop is giving up the center.} (3... Nf6 4. Nc3 dxc4 {
is the main line of the Slav.} 5. a4 {to stop ...b5 holding on to the pawn.}
Bf5 6. e3 e6 7. Bxc4 Bb4 8. O-O O-O 9. Qe2 Nbd7 {is the starting point for an
interesting middlegame. Black will aim for ...c5 and ...e5 to restore the
balance in the center.}) 4. Nc3 $6 (4. cxd5 cxd5 5. Qb3 $1 {
exploits the premature development of the bishop.}) 4... Nf6 $2 (4... e6) 5.
cxd5 $1 cxd5 {Diagram [#]} 6. e3 $6 (6. Qb3 $1 Qb6 (6... b6 7. Bg5 e6 8. e4 $1
dxe4 9. Bb5+ Nbd7 10. Ne5 {and Black loses a piece - note how the bishop on f5
would be better off having never moved.}) 7. Nxd5 Qxb3 (7... Nxd5 8. Qxd5 Qb4+
9. Bd2 Qxb2 10. Rc1) 8. Nxf6+ exf6 9. axb3 Bc2 10. e3 (10. Bd2) 10... Bxb3 11.
Bb5+) 6... e6 7. Bb5+ (7. Be2) 7... Nc6 8. Ne5 Rc8 9. O-O (9. Qa4 $6 Qc7 10.
Nxc6 bxc6) (9. g4 $1 Bg6 10. h4 h6 (10... h5 11. g5 Ng8 12. Nxg6 fxg6 13. Qd3
Nge7 14. O-O) 11. Nxg6 fxg6 12. Qc2 Kf7 13. Bd3) 9... Bd6 10. Nxc6 bxc6 11. Be2
O-O 12. h3 c5 13. Nb5 Qb6 14. Nxd6 Qxd6 15. b3 cxd4 16. Qxd4 Rc7 17. Bd2 Rfc8
18. Rfc1 e5 19. Rxc7 $4 exd4 20. Rxc8+ Bxc8 21. Rc1 Be6 22. exd4 h6 23. Rc2 Bf5
24. Rc1 Qa3 25. g4 Bg6 26. h4 Qxa2 27. h5 Qxd2 28. Rc8+ Kh7 29. hxg6+ Kxg6 30.
Bf3 Qxd4 31. Rc6 Kg5 32. Rd6 Qe5 33. Rd8 Qe1+ 34. Kg2 Nxg4 35. Rxd5+ Kh4 36.
Bxg4 Kxg4 37. f3+ Kf4 38. Rd4+ Ke5 39. Re4+ Qxe4 40. fxe4 Kxe4 0-1

[Event "Mechanics' Peter Grey TNM; G/2 d5"]
[Site "San Francisco"]
[Date "2017.09.26"]
[Round "8.25"]
[White "Sherwood, Peter"]
[Black "Mines, Joshua"]
[Result "1-0"]
[WhiteElo "1659"]
[BlackElo "1499"]
[Annotator "Sherwood"]
[PlyCount "77"]
[EventDate "2017.??.??"]

1. d4 d5 2. c4 c6 3. Nf3 Nf6 4. Nc3 e6 5. Bg5 Be7 6. e3 h6 7. Bxf6 Bxf6 8. Bd3
(8. Rc1 O-O 9. Bd3 Nd7 10. O-O dxc4 11. Bxc4) 8... O-O 9. O-O dxc4 10. Bxc4 Qb6
11. Qb3 Nd7 12. Rfd1 c5 13. d5 Qxb3 14. Bxb3 (14. axb3 a6) 14... Bxc3 15. bxc3
exd5 16. Bxd5 Nf6 17. Bc4 Bg4 18. h3 Bxf3 19. gxf3 a6 20. a4 Rfd8 21. Kf1 Rd7
22. Rxd7 Nxd7 23. Rb1 b6 24. Bd5 Rb8 25. Bc4 a5 26. Rd1 Ne5 27. Bd5 Rd8 28. Ke2
Ng6 $2 29. Bxf7+ Kxf7 30. Rxd8 Ne5 31. Rd1 Ke6 (31... Nc4 $5 32. Rb1 g5 (32...
Ke6 33. f4 (33. Kd3 $6 Ne5+ 34. Ke2 Nc4 $11) 33... Kd5 34. Kd3 g6 35. e4+) 33.
Kd3 Ne5+ 34. Ke4 $18) 32. e4 g5 33. Rb1 Nd7 $6 (33... Nc4 $1 34. Rd1 (34. Kf1
$4 Nd2+) (34. h4 $1 gxh4 35. f4 h3 36. Kd3 Nd6 37. Rxb6 h2 38. Rb1 $18) 34...
Nb2 35. Ra1 Nc4 36. Rb1 Kd6 (36... Ke5 $2 37. Kd3) 37. Rd1+ Kc6) 34. Ke3 Ke5
35. Rd1 Nf6 36. Rd8 h5 37. Rb8 Nd7 38. Re8+ Kd6 (38... Kf6 39. f4 g4 40. hxg4
hxg4 41. e5+ Kf5 42. Re7 Nb8 43. Rb7 $18) 39. Rg8 1-0

[Event "Mechanics' Fall TNM; G/2 d5"]
[Site "San Francisco"]
[Date "2017.10.31"]
[Round "2.17"]
[White "Sherwood, Peter"]
[Black "Sarafian, Greg"]
[Result "0-1"]
[WhiteElo "1678"]
[BlackElo "1939"]
[PlyCount "66"]
[EventDate "2017.??.??"]

1. d4 Nf6 2. c4 e6 3. Nc3 Bb4 4. e3 O-O 5. Bd3 d5 6. Nge2 c6 7. O-O dxc4 8.
Bxc4 b5 9. Bd3 Bb7 10. Qc2 Nbd7 11. a3 Be7 12. Ne4 Qb6 13. Bd2 c5 14. Nxf6+
Nxf6 15. dxc5 Bxc5 16. Nc3 a6 17. Rad1 Rac8 18. Qb1 Qc6 19. f3 Qb6 20. Rde1
Rfd8 21. Re2 h6 22. b4 Be7 23. Kh1 Qd6 24. Bc2 Qe5 25. Qe1 Rxd2 26. Qxd2 Rxc3
27. Qc1 Ng4 28. fxg4 Bd6 29. Rf4 g5 30. Qe1 Bd5 31. Qf2 gxf4 32. Qh4 Rxc2 33.
Rxc2 Qa1+ 0-1

[Event "Mechanics' Peter Grey TNM; G/2 d5"]
[Site "San Francisco"]
[Date "2017.08.15"]
[Round "2.8"]
[White "Sherwood, Peter"]
[Black "Tracy, Joseph"]
[Result "1/2-1/2"]
[WhiteElo "1659"]
[BlackElo "2106"]
[PlyCount "68"]
[EventDate "2017.??.??"]

1. d4 Nf6 2. c4 e6 3. Nc3 Bb4 4. Bd2 b6 5. Nf3 Bb7 6. e3 O-O 7. Be2 d5 8. O-O
Nbd7 9. a3 Bxc3 10. Bxc3 Ne4 11. Rc1 c5 12. dxc5 Nxc3 13. Rxc3 Nxc5 14. cxd5
Bxd5 15. b4 Ne4 16. Rc1 Qe7 17. Qc2 a5 18. Qc7 Qf6 19. Qe5 axb4 20. Qxf6 gxf6
21. axb4 Ra4 22. b5 Ra2 23. Bc4 Bxc4 24. Rxc4 Nc5 25. Rcc1 f5 $6 26. Ne5 Kg7
27. Nc4 Rb8 28. Nxb6 Rxb6 29. Rxc5 Rb2 30. Rfc1 {draw offer} Kg6 31. Kf1 h5 32.
h4 R6xb5 33. Rxb5 Rxb5 34. Rc2 Rb4 1/2-1/2

[Event "Mechanics' Spring TNM; G/2"]
[Site "San Francisco"]
[Date "2017.04.25"]
[Round "7.14"]
[White "Sherwood, Peter"]
[Black "Uzzaman, Ashik"]
[Result "0-1"]
[WhiteElo "1703"]
[BlackElo "2000"]
[Annotator "Sherwood"]
[PlyCount "112"]
[EventDate "2017.??.??"]

1. d4 e6 2. Nf3 f5 3. Nc3 Nf6 4. Bf4 d6 5. e3 Be7 6. Bc4 O-O 7. O-O Ne4 8. Nd2
d5 9. Be2 c6 10. Ncxe4 fxe4 11. f3 exf3 12. Nxf3 c5 13. c3 Nc6 14. Qc2 Bd7 15.
Ne5 Nxe5 16. Bxe5 Bg5 17. Bf4 Bxf4 18. Rxf4 Rxf4 19. exf4 cxd4 20. cxd4 Qf6 21.
Qd2 Rf8 22. Rf1 a6 23. Qe3 Rc8 24. Bd3 Bb5 25. Bxb5 axb5 26. f5 $4 exf5 27. b3
g5 28. Qd3 f4 29. Re1 h6 30. Re5 Rc1+ 31. Kf2 Qc6 32. Re2 b4 33. Qf5 Rc3 34.
Qe5 Rc2 35. Kf3 Rxe2 36. Kxe2 $6 (36. Qxe2 Qc3+ 37. Kg4 Qxd4 38. Qe6+ $11)
36... Kf7 37. Qf5+ Ke7 38. Qh7+ Kd8 39. Qg7 Qc2+ 40. Kf1 (40. Kf3 Qe4+ 41. Kf2)
40... Qb1+ 41. Kf2 Qxa2+ 42. Kf1 Qxb3 43. Qf8+ Kd7 44. Qg7+ Kc6 45. Qxh6+ Kb5
46. Qxg5 Qd1+ 47. Kf2 Qxd4+ 48. Kf3 Qe4+ 49. Kf2 b3 50. Qg7 Kc4 51. Qxb7 Kc3
52. Qc7+ Kd3 53. Qa5 Qe3+ 54. Kf1 Qe2+ 55. Kg1 Qd1+ 56. Kf2 Qd2+ 0-1

[Event "Mechanics' Summer TNM; G/2 d5"]
[Site "San Francisco"]
[Date "2017.05.30"]
[Round "2.20"]
[White "Sherwood, Peter"]
[Black "Uzzaman, Ashik"]
[Result "0-1"]
[WhiteElo "1663"]
[BlackElo "2003"]
[Annotator "Donaldson"]
[PlyCount "170"]
[EventDate "2017.??.??"]

1. d4 e6 2. e4 d5 3. Nd2 c5 4. exd5 exd5 5. Ngf3 Nc6 6. Be2 (6. Bb5 Bd6 7. O-O
Nge7 8. dxc5 Bxc5 9. Nb3 Bd6 10. Bg5 O-O 11. Re1 {
is the main line, where the manuever Bh4-g3 is often seen.} Bg4 12. Be2 Qc7 13.
h3 Bh5 14. Nfd4 $1 {trades help White.}) 6... Nf6 7. O-O Be7 8. c3 (8. dxc5
Bxc5 9. Nb3 {with a blockade on d4.}) 8... O-O 9. Re1 Be6 10. Qc2 $6 (10. dxc5
Bxc5 11. Nb3) 10... h6 11. Nf1 $6 (11. dxc5 Bxc5 12. Nb3 Bb6 {
and the queen turns out to be misplaced on c2 as it no longer controls d4.})
11... Rc8 12. dxc5 Bxc5 13. Qa4 Qb6 14. Ne3 a6 (14... d4 $1 {
typical play with the isolated queen pawn.} 15. cxd4 Nxd4 16. Nxd4 Bxd4 {
leaves Black with the better position due to his more active pieces.}) 15. Rb1
Ne4 16. Bd3 f5 17. Qb3 Qa7 18. Re2 Rce8 19. Qc2 d4 $2 {Diagram [#]} 20. Nd1 $2
({Missing} 20. Nxf5 $1 Bxf5 21. Bxe4 Bxe4 22. Rxe4 Rxe4 23. Qxe4 dxc3 24. Bxh6
$1 gxh6 25. Qg6+ Kh8 26. Qxh6+ {draws.}) 20... Bxa2 21. Ra1 Bd5 22. c4 $2 (22.
b4 {was a better try.}) 22... Nb4 23. Qb3 Bc6 {
Black is winning with his extra pawn and much better position.} 24. h3 Nxd3 25.
Qxd3 Nd6 26. Rxe8 Rxe8 27. b3 Be4 28. Qd2 Qb6 29. Bb2 Bxf3 30. gxf3 Qxb3 31.
Bxd4 Nxc4 32. Qf4 Bxd4 33. Qxd4 Ne5 34. Qa4 Nxf3+ 35. Kg2 Qxa4 36. Rxa4 Ng5 37.
Ne3 g6 38. Rc4 Re7 39. Nd5 Rf7 40. Nf4 Kh7 41. f3 Re7 42. Kf2 Kg7 43. h4 Nh7
44. Nd3 Nf6 45. Rc1 Nd5 46. Rg1 Kf6 47. Rb1 b6 48. Ra1 a5 49. Rb1 Rc7 50. Rb5
Rc2+ 51. Kg3 Ke6 52. Nf4+ Nxf4 53. Rxb6+ Ke5 54. Rb5+ Nd5 55. Rxa5 Rc6 56. Ra8
f4+ 57. Kf2 Rc2+ 58. Ke1 Rh2 59. Ra6 Ne7 60. Ra5+ Kf6 61. Ra6+ Kf7 62. Kf1 Rxh4
63. Kg2 Rh5 64. Ra4 Rf5 65. Kh3 Kf6 66. Kg4 h5+ 67. Kh4 Kg7 68. Ra7 Re5 69. Ra4
Kh6 70. Ra1 Nf5+ 71. Kh3 Nd4 72. Ra4 Rd5 73. Kg2 Kg5 74. Ra6 Nf5 75. Kh3 Rd3
76. Ra5 Rxf3+ 77. Kg2 Rb3 78. Ra6 h4 79. Kh2 Kh5 80. Ra5 Kg4 81. Ra6 g5 82. Ra2
h3 83. Rc2 Nd4 84. Ra2 Nf3+ 85. Kh1 Rb1# 0-1

[Event "Mechanics' Winter TNM; G/2"]
[Site "San Francisco"]
[Date "2017.01.24"]
[Round "4.32"]
[White "Sherwood, Peter"]
[Black "Valente, Marty"]
[Result "1-0"]
[WhiteElo "1703"]
[BlackElo "1291"]
[Annotator "Sherwood"]
[PlyCount "53"]
[EventDate "2017.??.??"]

1. e4 c5 2. Nf3 d6 3. d4 cxd4 4. Nxd4 Nf6 5. Nc3 a6 6. Be3 Nbd7 7. f3 e5 8. Nb3
b5 9. Qd2 Be7 10. g4 O-O 11. g5 Ne8 12. Nd5 Bb7 13. Nxe7+ Qxe7 14. Na5 Nc5 15.
Nxb7 Qxb7 16. O-O-O Qc7 17. Qd5 Rd8 18. Kb1 (18. Bxc5 $1) 18... Nb7 19. Bh3 Qb8
20. Bb6 Nc7 21. Qc6 Ne6 22. Bxd8 Nbxd8 23. Qxd6 Qxd6 24. Rxd6 Nxg5 25. Bg4 a5
26. Rd5 Re8 27. Rxb5 1-0

[Event "Mechanics' Summer TNM; G/2 d5"]
[Site "San Francisco"]
[Date "2017.06.27"]
[Round "6.32"]
[White "Sherwood, Peter"]
[Black "Waharte, Louka"]
[Result "1/2-1/2"]
[WhiteElo "1663"]
[BlackElo "1441"]
[Annotator "Sherwood"]
[PlyCount "67"]
[EventDate "2017.??.??"]

1. d4 Nf6 2. c4 g6 3. Nc3 Bg7 4. e4 d6 5. f4 O-O 6. Nf3 c5 7. d5 Nbd7 8. Be2 e5
9. fxe5 Nxe5 10. Nxe5 dxe5 11. O-O Ne8 12. Be3 b6 13. Qd2 f5 14. Bh6 f4 15.
Bxg7 Nxg7 16. Bf3 Qh4 17. Qf2 Qh6 18. Qe2 Bd7 19. Bg4 Bxg4 20. Qxg4 Nh5 21.
Qe6+ Rf7 22. Rf3 (22. Qxe5) 22... Nf6 23. Raf1 (23. Qxe5 $2 Ng4 24. Rh3 Qxh3
25. gxh3 Nxe5 $19) 23... Re8 24. Qh3 Qxh3 25. Rxh3 Ng4 26. Nd1 a6 27. Rd3 $6 b5
28. Rc3 b4 29. Rd3 Nf6 30. Nf2 g5 31. Rdd1 $6 g4 32. Rd3 Rg7 {draw offer} 33.
Re1 h5 34. Rb3 {draw agreed} (34. Rb3 a5 35. a3 (35. Nd3 $4 a4) 35... a4 36.
Rd3 Rb8) (34. Rd2 g3 35. Nd3 gxh2+ 36. Kxh2 Ng4+ 37. Kg1 Rc8) 1/2-1/2

[Event "Mechanics' Peter Grey TNM; G/2 d5"]
[Site "San Francisco"]
[Date "2017.08.22"]
[Round "3.9"]
[White "Sherwood, Peter"]
[Black "Winslow, Elliott C"]
[Result "0-1"]
[WhiteElo "1659"]
[BlackElo "2321"]
[Annotator "Winslow,E"]
[PlyCount "64"]
[EventDate "2017.??.??"]

1. d4 Nf6 2. c4 g6 3. Nc3 Bg7 4. e4 d6 5. f4 {I saw in the TNM games that he'd
played this, but expected a more mainstream line.} O-O 6. Be2 c5 7. d5 e6 8.
Nf3 exd5 9. cxd5 {Big juncture #1:} (9. exd5 {
is the old but not necessarily quiet line.}) ({The pushy} 9. e5 $5 {was massive
ly featured in Euwe's now-forgotten "Chess Archives." Monthly loose-leaf pages
of analysis, with blue binders. But in this millenium, with incredible
computers running engines and databases, it has fallen out of favor. Mostly
thanks to} Ne4 10. cxd5 Nxc3 11. bxc3 Nd7) 9... Re8 10. e5 {I've known about
this line (or rather "these lines") since my earliest days (see White's 13th).}
(10. Nd2 {is quite a main line which also comes about via the Benoni
move-order, although White has calmer alternatives to f4 there as well.}) 10...
dxe5 11. fxe5 Ng4 12. e6 (12. Bg5 {is the most-played move, although} Qb6 ({
I've played this as White a few times, including in the TNMs, with everyone
playing therelativelyboring} 12... f6 {here}) 13. O-O (13. Qd2) 13... Nxe5 (
13... Nd7 $5) (13... c4+) 14. d6 (14. Nxe5 Bxe5 15. Bc4 {
"(old theory) new engines showed that for example} Bf5 $15 {
is very good for Black" (Edouard)} (15... Qb4) (15... Qxb2 $1 $17 16. Nb5 Bf5
17. Rxf5 Qxa1 18. Qxa1 Bxa1 19. Rf1 Bd4+ 20. Nxd4 cxd4 21. d6 Rf8 22. Be7 Nd7 (
22... Nc6)) 16. Nb5 Nd7 (16... a6 $6 17. d6 $8 axb5 $11 (17... Nd7 18. Nc7 Bd4+
19. Kh1 Qxd6 20. Nxa8 Rxa8 21. Qb3 Be6 $11) 18. Bxf7+ Kxf7 19. Rxf5+ $11 gxf5 (
19... Kg7 20. d7 Nxd7 21. Qxd7+ Kh8 22. Rf7 Kg8 23. Bh6 (23. Rxh7 $2 Qe6 $17)
23... c4+ 24. Kh1 Qd4 25. Qxb7 Rab8 26. Raf1 Bf6 27. Qc7 Rbc8) 20. Qh5+ Kg7 (
20... Kf8 21. Bh6+ Bg7 22. Qxf5+ Kg8 23. Qd5+ Kh8 24. Bxg7+ Kxg7 25. Qg5+ Kh8
$11 26. Qf6+ Kg8 27. Qg5+ Kh8 $11) 21. Bh6+ $11 Kf6 22. Bg5+ Kg7 23. Bh6+ $11)
17. d6 Bxb2 18. Rb1 Ne5 19. Rxb2 Nxc4 20. Rb3 Na5) 14... Qxb2 $5 15. Nd5 Bf5 $5
(15... Nxf3+ 16. Bxf3 Qd4+)) 12... fxe6 13. d6 (13. O-O exd5 14. Nxd5 Be6 15.
Bc4 Nc6 $1 16. Ng5 Bd4+ 17. Kh1 Bxd5 (17... Nf2+ 18. Rxf2 Bxf2 19. Nxe6 Rxe6
20. Bg5) 18. Bxd5+ Qxd5 19. Qxg4 Re7 20. h4 Ne5 21. Qg3 Rae8 22. h5 Nc4 23.
hxg6 hxg6 24. Nf7 $4 Qh5+ {
0-1 Enders,R (1969)-Winslow,E (2004) Des Moines 1968 !!}) (13. Bg5 Qb6 14. Qd2
{and now for example:} c4 15. O-O-O exd5 16. Nxd5 Qxb2+ 17. Qxb2 Bxb2+ 18. Kxb2
Rxe2+ 19. Kc3 Nc6 20. Rhe1 Rxe1 21. Rxe1 Bf5 (21... h6 $5) 22. h3 Nf2 23. Bh6
Nd3 $6 (23... Ne4+ $5 24. Rxe4 Bxe4 25. Nf6+ Kf7 26. Nxe4 Ke6 {
should be OK for Black.}) 24. Ng5 $1 Nce5 25. Rf1 b5 26. g4 b4+ 27. Kd4 Rd8 28.
gxf5 b3 29. axb3 cxb3 30. fxg6 hxg6 31. Ke4 {
1-0 Jobava, B (2704)-Ponkratov,P (2611) Moscow 2012}) 13... Nc6 ({
Probably more accurate is} 13... Rf8 14. O-O Nc6) 14. Nb5 $5 $146 (14. O-O Rf8
15. Ne4 (15. h3 Nf6 (15... Nh6 16. Bg5 Qd7 17. Ne4 b6 18. Re1 Nf5 19. Bc4 Ncd4
20. Nxd4 Bxd4+ 21. Kh1 Nxd6 22. Nxc5 bxc5 23. Bxe6+ Qxe6 24. Rxe6 Bxe6 25. Be7
Ne4 26. Qe1 Rf1+ {0-1 (26) Camaly,P-Lupu,S (2160) Val Maubuee 1990}) 16. Re1
Nd4 17. Nxd4 cxd4 18. Nb5 Ne8 19. Nxd4 Nxd6 20. Bf3 Qb6 21. Be3 Nc4 22. Bf2
Nxb2 23. Nxe6 Qxe6 24. Qc2 Qf7 25. Bh4 Bf5 26. Qd2 Nc4 27. Qd1 {
0-1 (27) Visa Jordana,J (2176) -Cruz,J (2292) Barcelona 2010}) (15. Bg5 Bd4+
16. Kh1 Qxd6 17. g3 Nce5 18. Bf4 Qc6 19. Bb5 Qb6 20. Nxe5 Nxe5 21. Qe2 Nf7 22.
Bc4 Bd7 23. h4 Kg7 24. h5 g5 25. Bd2 Bc6+ 26. Kh2 Ne5 27. Ne4 Bxe4 {
0-1 (27) Gloria,E (2275)-Sutter,O (2245) Geneve 1993}) 15... Bd7 16. h3 Nge5
17. Bg5 Qb6 18. Nxe5 Bxe5 19. Rb1 Rxf1+ 20. Bxf1 Rf8 21. a3 Nd4 22. Be7 Rf4 23.
Nd2 c4 24. Kh1 Nf5 25. Qe1 Ng3+ 26. Qxg3 Rxf1+ 27. Nxf1 Bxg3 28. Nxg3 Bc6 29.
Ne4 Bxe4 30. d7 Bxg2+ {0-1 (30) Kasyan,A (2353)-Alikulov,E (2249) Tashkent 2012
}) (14. Ng5 $6 {Further notes are from Edouard:} Nge5 $1 (14... Nh6 {or}) (
14... Nf6 {also makes sense.}) 15. O-O Nd4 16. Nge4 h6 $6 (16... Nf7 17. Nb5 (
17. Rxf7 $6 Kxf7 18. Bg5 Qd7 $17) 17... Rf8 (17... b6 18. Nc7 Rf8 19. Nxa8 Bb7
$15) (17... Bd7 18. Nc7 Nxd6 19. Nxe8 Bxe8 20. Bg5 Qb6 21. Nf6+ Kh8 22. Nxe8
Rxe8 $15) 18. Be3 $8 Nf5 (18... Qb6 19. Bxd4 cxd4 20. Bc4 {is not that clear.})
(18... Nxe2+ 19. Qxe2 b6 20. Rad1 Bb7 21. Rf4 {is not that clear either.}) 19.
Bxc5 Bxb2 {Black should simply be better, objectively.}) 17. Nb5 {1/2 (38)-1/2
(38) Vaisser,A (2544) -Edouard,R (2662) Nancy 2013 CBM 156 [Edouard,R] Vaisser
is one of the True Believeers of the Four Pawns Attack, having written at
least one book and played it at least a couple dozen times. With a pretty
damned good score.}) 14... Rb8 (14... Rf8 $1 15. Ng5 (15. Nc7 Rb8 16. Ng5 (16.
O-O Nd4 17. Nb5 Nxf3+ 18. gxf3 Ne5 19. Nxa7 Bd7 $19) 16... Nf2 17. Qb3 Nxh1 18.
Ncxe6 Bxe6 19. Qxe6+ Kh8 20. Nf7+ Rxf7 21. Qxf7 Qh4+) (15. O-O Qb6 16. Kh1 Bd7
$17) 15... Nf2 16. Qb3 Nxh1) 15. Ng5 Nge5 16. O-O Nd4 17. Be3 (17. Bf4) 17...
a6 18. Nc7 Rf8 ({I was seriously looking at} 18... Re7 $5 {
but fortunately opted for normalcy; after} 19. dxe7 ({or} 19. Bxd4 cxd4 20.
dxe7 Qxe7 21. Qc1) 19... Qxe7 20. Rc1 {I'd be busted.}) 19. Ne4 {
This surprised me at first, but the lines go bad.} (19. Rxf8+ {was the main
move, when Black has whatever edge there is after either Qx or Bx. Stockfish
can't make up its mind either, but} Qxf8 {seems to have the favor:} (19... Bxf8
20. Bxd4 cxd4 ({but} 20... Qxg5 $6 21. Bxe5 Qxe5 22. d7 Bxd7 23. Qxd7 Qxe2 24.
Rf1 Bg7 25. Qf7+ {and here I missed} Kh8 26. Ne8 $1 {"encouraging"} Qe3+ 27.
Kh1 Qh6 {and it's starting to go White's way a bit.})) 20. Kh1 (20. Bxd4 cxd4
21. Ncxe6 Bxe6 22. Nxe6 Qxd6 23. Nxd4 Nf7 24. Nb3 Qe7 25. Qc2 Qe3+ 26. Kh1 Re8
27. Bc4 Kh8 $1) 20... Qxd6 21. Ne8 Qd5 22. Nxg7 Kxg7 23. Rc1 b6 24. Qf1 {
is looking drawish after all.}) 19... Nf7 $1 20. Nxc5 {
Sliding down a slope into quicksand.} Qxd6 21. Rc1 e5 $2 (21... Nxe2+ 22. Qxe2
Qxc7 23. Nxe6 Qe5 24. Nxf8 Bf5 $17) 22. Ne4 Qd8 23. Bc4 Bf5 {[#]} 24. Bg5 $4 {
Losing the thread.} (24. Bxd4 exd4 25. Rxf5 gxf5 26. Ne6 Qh4 27. Ng3 Be5 28.
Nxf8 Rxf8 {Stockfish somehow gives this as best for both sides, "0.00".}) 24...
Qxc7 25. Bxf7+ Qxf7 26. g4 Bxe4 $1 {Everything is winning, but this is a
horrible transformation -- White's king is overrun!} 27. Rxf7 Rxf7 28. Be3 Nf3+
29. Kg2 ({On} 29. Kf2 {I was going to "settle for"} Nxh2+ ({Stockfish gives} 
29... Rbf8 $1 {as even better}) 30. Kg1 Rf1+) 29... Ng5+ 30. Kg3 (30. Kg1 Nh3#)
30... Rf3+ 31. Kh4 (31. Qxf3) 31... Rh3+ 32. Kxg5 h6# 0-1

[Event "Mechanics' Fall TNM; G/2 d5"]
[Site "San Francisco"]
[Date "2017.11.28"]
[Round "6.39"]
[White "Shinejil, Maximus"]
[Black "Hack, Richard"]
[Result "0-1"]
[WhiteElo "931"]
[BlackElo "1635"]
[PlyCount "50"]
[EventDate "2017.??.??"]

1. e4 e5 2. Nf3 Nc6 3. Bc4 Bc5 4. d3 Nf6 5. c3 d6 6. d4 Bb6 7. Be3 Nxe4 8. Qd3
Nf6 9. Ng5 O-O 10. h4 h6 11. g3 d5 12. Bb3 e4 13. Qc2 hxg5 14. hxg5 Ne8 15. c4
Be6 16. cxd5 Bxd5 17. Bxd5 Qxd5 18. Nc3 Nb4 19. Qb1 Nd3+ 20. Ke2 Qc4 21. Rh8+
Kxh8 22. Qh1+ Kg8 23. Qh4 Nf4+ 24. Kd2 Qd3+ 25. Ke1 Ng2# 0-1

[Event "Mechanics' Summer TNM; G/2 d5"]
[Site "San Francisco"]
[Date "2017.07.18"]
[Round "8.21"]
[White "Simpkins, Jerry"]
[Black "Babayan, Gagik"]
[Result "0-1"]
[WhiteElo "1476"]
[BlackElo "1807"]
[PlyCount "78"]
[EventDate "2017.??.??"]

1. e4 c5 2. f4 d6 3. Nf3 Nf6 4. d3 Nc6 5. c3 Qc7 6. Na3 a6 7. Be2 g6 8. Nc4 b5
9. Ne3 Bg7 10. O-O e6 11. Ng5 h6 12. Nf3 Rb8 13. g4 c4 14. g5 Nh5 15. f5 Nf4
16. fxg6 fxg6 17. dxc4 O-O 18. Ng4 h5 19. Nh6+ Kh7 20. Nh4 e5 21. Bxf4 exf4 22.
Bxh5 Ne5 23. Bg4 Bxh6 24. Bxc8 Bxg5 25. Bf5 Bxh4 26. Qh5+ Kg7 27. Qxh4 gxf5 28.
Qg5+ Ng6 29. exf5 Qc5+ 30. Kh1 Rxf5 31. Qg4 Rh8 32. Rg1 Rf6 33. Rae1 Qc6+ 34.
Rg2 Re8 35. Rf1 f3 36. Rgf2 bxc4 37. h4 Re4 38. Qg5 Rxh4+ 39. Kg1 Rff4 0-1

[Event "Mechanics' Winter TNM; G/2"]
[Site "San Francisco"]
[Date "2017.02.07"]
[Round "6.19"]
[White "Simpkins, Jerry"]
[Black "Boldi, Ethan"]
[Result "0-1"]
[WhiteElo "1513"]
[BlackElo "1850"]
[PlyCount "90"]
[EventDate "2017.??.??"]

1. e4 e6 2. f4 d5 3. e5 c5 4. d3 Nc6 5. c3 f6 6. Nf3 Be7 7. Na3 a6 8. Nc2 Qb6
9. Be2 Bd7 10. O-O d4 11. Kh1 Nh6 12. Na3 Qa7 13. Nc4 Nf7 14. cxd4 cxd4 15. b3
b5 16. exf6 Bxf6 17. Nce5 Bxe5 18. fxe5 O-O-O 19. Bf4 h6 20. Rc1 g5 21. Bg3
Rhf8 22. Nd2 Kb8 23. Bf3 Rc8 24. a4 Ne7 25. Qe2 Nf5 26. Bf2 Nh8 27. axb5 Bxb5
28. Nc4 Ng6 29. Nd6 Nxd6 30. exd6 Nf4 31. Qe5 Nxd3 32. Rxc8+ Rxc8 33. Qg3 Nxf2+
34. Qxf2 Bxf1 35. Qxf1 Qb6 36. d7 Rd8 37. Be2 Rxd7 38. Bxa6 e5 39. Qf8+ Rd8 40.
Qe7 d3 41. Qxe5+ Ka7 42. Bc4 d2 43. Qa1+ Kb7 44. Qd1 Qe3 45. Be2 {Diagram [#]}
Qxe2 $1 0-1

[Event "Mechanics' Spring TNM; G/2"]
[Site "San Francisco"]
[Date "2017.04.18"]
[Round "6.30"]
[White "Simpkins, Jerry"]
[Black "Cohee, James"]
[Result "1-0"]
[WhiteElo "1513"]
[BlackElo "1651"]
[PlyCount "87"]
[EventDate "2017.??.??"]

1. e4 c5 2. f4 d5 3. e5 Bf5 4. d3 Nc6 5. Nf3 e6 6. c3 Be7 7. Na3 Nh6 8. Nc2 O-O
9. Be2 Rc8 10. O-O Qd7 11. Bd2 f6 12. Rc1 fxe5 13. fxe5 Nf7 14. d4 Qd8 15. Be3
c4 16. Bf2 Ng5 17. Ne3 Nxf3+ 18. Bxf3 Bg5 19. Bg4 Ne7 20. h4 Bh6 21. Nxf5 exf5
22. Bf3 Bxc1 23. Qxc1 Qd7 24. h5 h6 25. Bh4 Nc6 26. Qe3 Nd8 27. Bxd8 Qxd8 28.
e6 Re8 29. Qe5 Qf6 30. Qxf6 gxf6 31. Bxd5 Re7 32. Rxf5 Kg7 33. Kf2 b6 34. Kf3
b5 35. Ke3 Rd8 36. Kd2 a6 37. b3 cxb3 38. Bxb3 b4 39. Ra5 bxc3+ 40. Kxc3 Rd6
41. d5 Kf8 42. Kd4 Rg7 43. Kc5 Rxd5+ 44. Bxd5 1-0